Nová Galéria ÚĽUV

Bibliographic Details
Main Author: Mešša, Martin, 1949- (Author)
Other Authors: Gutten, Jozef (Photographer), Chlupová, Anna (Photographer)
Format: Article
Language:Slovak
PhysicalDescription:Fotogr.
ISSN:1335-5457
Subjects:

MARC

LEADER 00000nab a2200000 a 4500
001 vtls000889228
003 SK-MaSNL
005 20260304105414.0
008 250429c2004 xo qr|p|||||||000 b|slo
015 |a SNBRB2004/11  |2 snkbucl 
035 |a (uuid)2b53b015-e330-4b57-af32-1e13cbd4c853 
035 |a urn:nbn:sk:snk-ab2xwg 
035 |a (urnnbn)urn:nbn:sk:snk:ar-a0334w 
038 |a SNKBUCL 
040 |a SNKBUCL  |b slo  |c SNKBUCL  |e AACR2 
041 0 |a slo 
044 |a xo  |c SK 
080 |a 745/749.031.4:061.25  |x (437.6)  |2 1997 
080 |a 069.02:745/749  |2 1997 
100 1 |a Mešša, Martin,  |d 1949-  |4 aut 
245 1 0 |a Nová Galéria ÚĽUV  |c Martin Mešša ; fotogr. Jozef Gutten, Anna Chlupová 
300 |b Fotogr. 
610 2 7 |a Ústredie ľudovej umeleckej výroby (Bratislava, Slovensko).  |b Galéria  |2 snkbucl  |9 97557 
648 7 |a 4.9.2004  |2 snkbucl  |9 1406710 
650 0 7 |a otvorenie  |2 snkbucl  |9 765696 
700 1 |a Gutten, Jozef  |4 pht  |9 28697 
700 1 |a Chlupová, Anna  |4 pht  |9 6841 
773 0 |t Remeslo, umenie, dizajn  |g Roč. 5, č. 3 (2004), s. 28-28  |x 1335-5457 
850 |a Slovenská národná knižnica 
852 |a Slovenská národná knižnica 
958 |a article27 
958 |a OND 
958 |a EUIPO 
999 |c 2855513  |d 2857443